000 00730nam a2200253 a 4500
003 AR-BaBNM
005 20251128204642.0
008 082120s2002 ||||||||||||||000 | spa||
020 _a956-13-1081-3
040 _cAR-BaBNM
100 1 _aWilde, Oscar
245 0 0 _aEl gigante egoísta y otros cuentos
250 _a5ª ed.
260 _aSantiago de Chile
_bEditorial Andrés Bello
_c1993
300 _a85 p.
_bil.
500 _aContiene: El fantasma de Canterville - El cumpleaños de la infanta - El ruiseñor y la rosa
650 4 _aLITERATURA INFANTIL
650 4 _aLITERATURA INGLESA
653 _aCUENTOS DE MONSTRUOS
653 _aCUENTOS DE FANTASMAS
655 _aLITERATURA
942 _cBK
998 _cisola
999 _c8233
_d8233